000 00584nam a22001937a 4500
003 BD-DhJNU
005 20250223071804.0
008 250223b |||||||| |||| 00| 0 eng d
020 _a9780534026729
040 _aBD-DhJNU
_bENG
_cBD-DhJNU
_dBD-DhJNU
082 _223
_a150 RUP
100 _aRuch, John C.
245 _aPsychology the personal science /
_cJohn C. Ruch
260 _aCalifornia :
_bWadsworth Publishing,
_c1984.
300 _axiii, 674 p. :
_bill. ;
_c28 cm.
504 _aIncludes bibliographical references and index
650 _aPsychology
942 _2ddc
_cBK
_n0
999 _c1375
_d1375